000 01019cas a22003137a 4500
005 20220329142318.0
008 000609u1980 mx zr pernn 0 b1spa d
010 _a81480
011 _a82452
035 _a92948
245 0 0 _aComunicaciones en Estadística y Computo
260 0 _aChapingo, Méx. :
_bColegio de Postgraduados. Centro de Estadística y Cálculo,
_c1980-
300 _av.
310 _aIrregular
362 _av.10 n.1, 1991
590 _aBATCH-UPD
_b10
_c20130110
_lUCH01
_h2253
590 _aBATCH-UPD
_b10
_c20130410
_lUCH01
_h1546
590 _aBATCH-UPD
_b10
_c20130914
_lUCH01
_h1325
590 _aCONVERSION
_b10
_c20130109
_lUCH01
_h1345
650 1 4 _aEstadística
_xPublicaciones periódicas.
_938256
866 _av.1 n.1-v.2 n.3 (1980-1982)
866 _av.10 n.1-6 (1991)
866 _av.11 n.1-3 (1992)
866 _av.12 n.1-3 (1993)
866 _av.13 n.1,3 (1994)
866 _av.14 n.1-2 (1995)
901 _aSE
905 _aLilia Sánchez G.
999 _c81480
_d81480